[Event "USA-ch Seniors 2019"]
[Site "Saint Louis"]
[Date "2019.07.17"]
[Round "6.5"]
[White "Yermolinsky, Alex"]
[Black "Fishbein, Alexander"]
[Result "1-0"]
[WhiteElo "2504"]
[BlackElo "2432"]
[Annotator "RC"]
[PlyCount "193"]
[EventDate "2019.07.09"]
[EventType "tourn"]
[EventCountry "USA"]
[SourceTitle "playchess.com"]
[Source "ChessBase"]
[SourceQuality "1"]
[TimeControl "40/5400+30:1800+30"]

1. d4 {[%emt 0:00:08]} Nf6 {[%emt 0:00:00]} 2. c4 {[%emt 0:00:04]} g6 {[%emt 0:00:00]} 3. Nc3 {[%emt 0:00:09]} Bg7 {[%emt 0:00:00]} 4. e4 {[%emt 0:00:09]} d6 {[%emt 0:00:00]} 5. Be2 {[%emt 0:00:33]} O-O {[%emt 0:00:02]} 6. Nf3 {[%emt 0:00:15]} e5 {[%emt 0:00:07]} 7. O-O {[%emt 0:00:07]} c6 {[%emt 0:00:09]} 8. d5 {[%emt 0:01:02]} Na6 {[%emt 0:00:06]} 9. Re1 {[%emt 0:00:07]} Nc5 {[%emt 0:00:35]} 10. Qc2 {[%emt 0:00:16]} cxd5 {[%emt 0:00:18]} 11. cxd5 {[%emt 0:00:07]} Qc7 {[%emt 0:00:19]} 12. Nd2 {[%emt 0:01:59]} Bd7 {[%emt 0:00:34]} 13. a4 {[%emt 0:02:58]} Bh6 {[%emt 0:05:23]} 14. Bb5 {[%emt 0:06:45]} Rac8 {[%emt 0:08:23]} 15. Ra3 {[%emt 0:05:42]} Nh5 {[%emt 0:13:59]} 16. b4 {[%emt 0:12:51]} Na6 {[%emt 0:00:48]} 17. Qb1 {[%emt 0:01:06]} f5 {[%emt 0:12:53]} 18. Bf1 {[%emt 0:02:15]} fxe4 {[%emt 0:06:11]} 19. Ndxe4 {[%emt 0:17:44]} Bxc1 {[%emt 0:00:41]} 20. Rxc1 {[%emt 0:00:19]} Bf5 {[%emt 0:00:59]} 21. Rd1 {[%emt 0:06:58]} Qe7 {[%emt 0:13:31]} 22. Qb2 {[%emt 0:02:38]} Rc7 {[%emt 0:03:19]} 23. Rb3 {[%emt 0:06:00]} Rfc8 {[%emt 0:02:19]} 24. Qd2 {[%emt 0:00:33]} Nb8 {[%emt 0:02:48]} 25. Qe3 {[%emt 0:02:02]} a6 {[%emt 0:01:06]} 26. b5 {[%emt 0:01:04]} Nf6 {[%emt 0:03:11]} 27. bxa6 {[%emt 0:12:08]} Nxa6 {[%emt 0:06:15]} 28. Rxb7 {[%emt 0:02:16]} Nxe4 {[%emt 0:03:37]} 29. Rxc7 {[%emt 0:01:58]} Rxc7 {[%emt 0:03:09]} 30. Nxe4 {[%emt 0:00:08]} Nb4 {[%emt 0:00:42]} 31. Nc3 {[%emt 0:04:53]} Rc5 {[%emt 0:02:36]} 32. Qd2 {[%emt 0:02:37]} Kg7 {[%emt 0:01:52]} 33. Qb2 {[%emt 0:01:17]} Nc2 {[%emt 0:03:24]} 34. Nb5 {[%emt 0:00:14]} Bd7 {[%emt 0:02:51]} 35. Rc1 {[%emt 0:03:16]} Nb4 {[%emt 0:01:20]} 36. Rxc5 {[%emt 0:01:20]} dxc5 {[%emt 0:00:01]} 37. f4 {[%emt 0:00:40]} Nxd5 {[%emt 0:00:26]} 38. Qxe5+ {[%emt 0:00:33]} Qxe5 {[%emt 0:00:05]} 39. fxe5 {[%emt 0:00:05]} Ne3 {[%emt 0:03:31]} 40. Be2 {[%emt 0:00:00]} Bc6 {[%emt 0:00:00]} 41. a5 {[%emt 0:05:41]} Nxg2 {[%emt 0:06:15]} 42. a6 {[%emt 0:01:33]} Nf4 {[%emt 0:00:34]} 43. Bc4 {[%emt 0:00:17]} Kf8 {[%emt 0:15:13]} 44. a7 {[%emt 0:08:59]} Ke7 {[%emt 0:00:19]} 45. Nc7 {[%emt 0:01:40]} g5 {[%emt 0:04:27]} 46. Kf2 {[%emt 0:01:20]} Bb7 {[%emt 0:01:32]} 47. Kg3 {[%emt 0:07:28]} Kd7 {[%emt 0:00:51]} 48. a8=Q {[%emt 0:03:09]} Bxa8 {[%emt 0:00:01]} 49. Nxa8 {[%emt 0:00:09]} Ng6 {[%emt 0:01:11]} 50. e6+ {[%emt 0:00:14]} Kc6 {[%emt 0:01:38]} 51. Bd3 {[%emt 0:01:26]} Nf4 {[%emt 0:03:50]} 52. Be4+ {[%emt 0:02:18]} Kd6 {[%emt 0:00:12]} 53. Bxh7 {[%emt 0:00:46]} Kxe6 {[%emt 0:00:49]} 54. Nb6 {[%emt 0:00:50]} Nh5+ {[%emt 0:00:17]} 55. Kf2 {[%emt 0:00:15]} Nf6 56. Bb1 {[%emt 0:02:19]} Ke5 {[%emt 0:00:26]} 57. Kf3 {[%emt 0:00:20]} Kd4 {[%emt 0:01:06]} 58. Ba2 {[%emt 0:00:15]} Ke5 {[%emt 0:01:08]} 59. Nc4+ {[%emt 0:00:18]} Kf5 {[%emt 0:00:31]} 60. Nd6+ {[%emt 0:00:49]} Kg6 {[%emt 0:00:10]} 61. Be6 {[%emt 0:01:07]} Kg7 {[%emt 0:00:50]} 62. Nb7 {[%emt 0:00:23]} Kg6 {[%emt 0:00:10]} 63. Nxc5 {[%emt 0:00:06]} Kh6 {[%emt 0:00:25]} 64. Bg4 {[%emt 0:00:50]} Kg6 {[%emt 0:00:15]} 65. h3 {[%emt 0:00:41]} Nd5 {[%emt 0:00:32]} 66. Ke4 {[%emt 0:00:13]} Ne7 {[%emt 0:00:54]} 67. Ke5 {[%emt 0:01:05]} Nc6+ {[%emt 0:00:13]} 68. Kd6 {[%emt 0:00:15]} Nd4 {[%emt 0:00:15]} 69. Kd5 {[%emt 0:00:10]} Nc2 {[%emt 0:00:39]} 70. Ke5 {[%emt 0:00:31]} Ne3 {[%emt 0:00:31]} 71. Nd3 {[%emt 0:00:51]} Nc4+ {[%emt 0:00:25]} 72. Ke6 {[%emt 0:00:08]} Ne3 {[%emt 0:01:07]} 73. Ne5+ {[%emt 0:00:10]} Kh6 {[%emt 0:00:44]} 74. Kf6 {[%emt 0:01:00]} Nd5+ {[%emt 0:00:13]} 75. Kf7 {[%emt 0:00:07]} Nf4 {[%emt 0:00:43]} 76. Nc6 {[%emt 0:00:53]} Ng6 {[%emt 0:00:38]} 77. Kf6 {[%emt 0:00:39]} Nf4 {[%emt 0:00:27]} 78. Ne7 {[%emt 0:00:38]} Nh5+ {[%emt 0:00:45]} 79. Kf7 {[%emt 0:00:21]} Nf4 {[%emt 0:00:34]} 80. Nf5+ {[%emt 0:00:10]} Kh7 {[%emt 0:00:04]} 81. Kf6 {[%emt 0:00:11]} Nd3 {[%emt 0:00:14]} 82. Kxg5 {[%emt 0:00:14]} Kh8 {[%emt 0:00:17]} 83. Nd6 {[%emt 0:00:37]} Kg7 {[%emt 0:00:37]} 84. Kf5 {[%emt 0:00:23]} Nc5 {[%emt 0:00:14]} 85. Kg5 {[%emt 0:00:21]} Nd3 {[%emt 0:00:15]} 86. Kf5 {[%emt 0:00:08]} Nc5 {[%emt 0:00:03]} 87. h4 {[%emt 0:00:14]} Nd3 {[%emt 0:00:13]} 88. Be2 {[%emt 0:00:40]} Nb4 {[%emt 0:00:13]} 89. Kg5 {[%emt 0:00:20]} Nc6 {[%emt 0:00:11]} 90. h5 {[%emt 0:01:34]} Ne5 {[%emt 0:01:12]} 91. h6+ {[%emt 0:00:07]} Kh7 {[%emt 0:00:46]} 92. Bh5 {[%emt 0:00:24]} Kh8 {[%emt 0:00:33]} 93. Bg6 {[%emt 0:00:23]} Kg8 {[%emt 0:00:24]} 94. Kf5 {[%emt 0:00:46]} Nc6 {[%emt 0:01:19]} 95. Kf6 {[%emt 0:01:11]} Nd8 {[%emt 0:00:10]} 96. Be4 {[%emt 0:00:17]} Kh8 {[%emt 0:00:22]} 97. Ke7 {[%emt 0:00:22]} 1-0

[Event "USA-ch Seniors 2019"]
[Site "Saint Louis"]
[Date "2019.07.18"]
[Round "7.1"]
[White "Fishbein, Alexander"]
[Black "Ehlvest, Jaan"]
[Result "1/2-1/2"]
[WhiteElo "2432"]
[BlackElo "2515"]
[Annotator "TA"]
[PlyCount "110"]
[EventDate "2019.07.09"]
[EventType "tourn"]
[EventCountry "USA"]
[SourceTitle "playchess.com"]
[Source "ChessBase"]
[SourceQuality "1"]

{[%evp 9,110,0,12,0,0,0,0,5,19,7,0,0,5,0,10,0,0,0,0,-10,15,16,14,0,0,0,6,-15,7,0,0,0,0,0,0,0,0,0,-9,-8,-12,-18,0,0,5,5,0,2,2,2,0,6,14,0,39,-28,0,0,0,0,0,0,7,5,16,16,16,16,16,16,16,16,16,16,16,0,0,0,0,0,0,0,0,0,0,0,0,0,0,0,0,0,0,0,0,0,0,0,25,25,25,25,25]} 1. Nf3 d5 2. c4 e6 3. g3 Nf6 4. Bg2 dxc4 5. Qa4+ Bd7 6. Qxc4 {A13: English Opening: 1...e6} c5 7. Ne5 Qc8 8. O-O {The position is equal.} (8. Qd3 Nc6 9. Nxd7 Nxd7 10. b3 Be7 11. Bb2 O-O 12. Nc3 Rd8 13. Rc1 Nf6 {½-½ (45) Cheparinov,I (2711)-Grandelius,N (2678) Germany 2019}) 8... Nc6 9. Nxd7 Qxd7 10. Nc3 Rc8 11. Qa4 Be7 12. d3 O-O 13. a3 $146 ({Predecessor:} 13. Rb1 Rfd8 {1-0 (60) Martinez Duany,L (2509)-Gonzalez Vidal,Y (2558) Havana 2018}) 13... Rfd8 14. Rb1 a6 15. Be3 Rc7 16. Bf4 Bd6 17. Bg5 Nd4 18. Qxd7 (18. Bxf6 {is interesting.} gxf6 19. Qd1 f5 20. e3 Nc6 21. e4) 18... Rdxd7 19. b3 b5 {[%cal Bb7b5,Bb5b4][%mdl 32]} 20. e3 Nc2 21. a4 Na3 22. Ra1 b4 23. Bxf6 gxf6 24. Ne2 Be5 25. Rad1 f5 26. Bf3 Rd6 27. Nf4 Rcd7 28. Be2 Bc3 29. Ng2 e5 30. Nh4 e4 {[%cal Re4d3]} 31. dxe4 {[#] And now Rxd6 would win.} fxe4 32. Nf5 (32. Rxd6 $14 Rxd6 33. Nf5) 32... Rxd1 (32... Rd3 {seems wilder.} 33. Bxd3 exd3 34. f3 c4 35. bxc4 Nxc4 36. Kf2 a5) 33. Rxd1 Rxd1+ 34. Bxd1 $11 {[%mdl 4096] Endgame KBN-KBN} Be5 35. Ne7+ Kf8 36. Nd5 a5 37. Nb6 {[#] aiming for Nd7+.} Ke7 38. Be2 Bc7 39. Nc4 $1 Nxc4 40. Bxc4 {KB-KB} f5 41. Kg2 Kf6 42. h4 h6 43. Kh3 Ke5 44. Ba6 Bd8 45. g4 fxg4+ 46. Kxg4 Be7 47. h5 Bd8 48. f4+ exf3 49. Kxf3 Bc7 50. Bb5 Bd8 51. Ke2 Bc7 52. Kd3 Bd8 53. Bc6 Bc7 54. Kc4 Bd8 55. Kxc5 Bc7 {Accuracy: White = 64%, Black = 69%.} 1/2-1/2

[Event "USA-ch Seniors 2019"]
[Site "Saint Louis"]
[Date "2019.07.18"]
[Round "7.2"]
[White "Shabalov, Alexander"]
[Black "Yermolinsky, Alex"]
[Result "1/2-1/2"]
[WhiteElo "2500"]
[BlackElo "2504"]
[Annotator "TA"]
[PlyCount "54"]
[EventDate "2019.07.09"]
[EventType "tourn"]
[EventCountry "USA"]
[SourceTitle "playchess.com"]
[Source "ChessBase"]
[SourceQuality "1"]

{[%evp 19,54,-12,0,-4,-8,-6,0,0,0,-12,25,20,23,14,27,19,28,32,35,28,33,29,35,10,55,57,66,53,79,43,53,0,59,0,29,0,17]} 1. c4 e6 2. Nf3 d5 3. b3 Nf6 4. g3 c5 5. Bg2 d4 6. e3 Nc6 7. exd4 cxd4 8. O-O Be7 9. d3 O-O 10. Re1 Nd7 11. Ba3 {A14: English Opening: 1...e6 with b3 by White} a5 12. Bxe7 Qxe7 13. Nbd2 Nc5 14. Ne4 {[#]} Nxe4 $146 ({Predecessor:} 14... Bd7 15. Qe2 Rfd8 16. Nxc5 Qxc5 17. a3 Rab8 18. h4 h6 {½-½ (54) Jones,G (2647)-Swiercz,D (2636) Atlantic City 2016}) 15. Rxe4 Rd8 16. a3 f6 17. Qc2 e5 18. Nd2 Be6 19. Ree1 Rac8 20. Qb2 Rb8 21. Rab1 Qd7 22. Ne4 Bh3 23. Bh1 b5 24. Nc5 Qd6 25. Ne4 Qd7 26. Nc5 Qd6 27. Ne4 Qd7 {Accuracy: White = 77%, Black = 59%.} 1/2-1/2

[Event "USA-ch Seniors 2019"]
[Site "Saint Louis"]
[Date "2019.07.18"]
[Round "7.3"]
[White "Kaidanov, Gregory"]
[Black "Goldin, Alexander"]
[Result "1-0"]
[WhiteElo "2544"]
[BlackElo "2540"]
[Annotator "TA"]
[PlyCount "103"]
[EventDate "2019.07.09"]
[EventType "tourn"]
[EventCountry "USA"]
[SourceTitle "playchess.com"]
[Source "ChessBase"]
[SourceQuality "1"]

{[%evp 21,103,0,0,-3,0,2,0,0,0,0,0,0,0,0,0,-7,14,7,20,15,37,19,96,86,80,74,46,52,193,191,222,209,190,189,197,201,217,218,197,213,211,210,190,116,336,325,413,402,467,442,446,397,420,410,648,623,587,529,1087,1087,1087,914,894,899,896,884,889,883,873,874,843,832,806,786,920,917,883,873,870,866,859,858,1687,1518]} 1. Nf3 Nf6 2. g3 d5 3. Bg2 e6 4. O-O b6 5. c4 Bb7 6. b3 Be7 7. Bb2 O-O 8. e3 c5 9. Nc3 dxc4 10. bxc4 Nc6 11. Qe2 Qc7 12. Ne1 {A14: English Opening: 1...e6 with b3 by White} (12. Rfd1 Rfd8 13. Rab1 a6 14. Ba1 Na7 15. Ne1 Rab8 16. g4 b5 17. g5 Ne8 18. Qg4 Nd6 19. cxb5 axb5 {1-0 (33) Maghsoodloo,P (2666)-Tiviakov,S (2610) Bandar e Anzali 2019}) 12... Rfd8 13. f4 Nb4 14. a3 {The position is equal.} Bxg2 15. Qxg2 Nc6 16. g4 Ne8 $146 ({Predecessor:} 16... Na5 17. d3 Qc6 18. Qe2 a6 19. a4 Qd7 {1-0 (41) Gonzalez Vidal,Y (2560)-Kjartansson,G (2451) Merida 2014}) 17. d3 a6 18. f5 Bg5 19. Kh1 {With the idea fxe6.} Nd6 (19... Bxe3 $2 20. fxe6 fxe6 21. Qe4 $1 $18 {[%mdl 512]}) 20. Nf3 Bf6 $1 21. e4 Ne8 (21... b5 $11) 22. fxe6 fxe6 {[#]} 23. e5 $1 {[%mdl 512]} Bxe5 ({Much weaker is} 23... Nxe5 24. g5 $16) 24. Ng5 Nd4 ({Better is} 24... Qd7 $1 $14) 25. Nce4 ({Weaker is} 25. Qe4 Nf6 $17) 25... h6 26. Bxd4 hxg5 27. Bxe5 $40 {[%mdl 128] White attacks with force.} Qxe5 {[#]} 28. Rae1 $1 Ra7 {[#]} 29. Nf6+ $1 {[%mdl 576] Discovered Attack} Qxf6 (29... Nxf6 30. Rxe5) 30. Rxf6 Nxf6 31. Qc6 {[%mdl 64] Double Attack} Rxd3 32. Qxb6 ({White should try} 32. Qxe6+ $18 Rf7 33. Rf1 (33. Qxb6 Nxg4 34. Qg6 Re3 $16)) 32... Rf7 $2 (32... Rad7 $16 33. Qxa6 Kh7 34. Qxe6 R7d4 35. Qf5+ Kh6 36. Qxc5 Rf4) 33. Qxe6 $18 ({Not} 33. Qxa6 Nxg4 34. Qxe6 Nf2+ 35. Kg2 Nh3 $16) 33... Rxa3 34. Rd1 {aiming for Rd8+.} g6 35. Rf1 Kg7 36. Qe5 Rd3 37. Qxc5 Rdd7 (37... Nxg4 $142 38. Rxf7+ Kxf7 39. Qxg5 Ne3 40. Qf4+ Kg7 41. Qc7+ Kf6) 38. Qxg5 {White is clearly winning.} Rd4 39. h3 Rxc4 40. Qe5 Re4 41. Qc3 g5 42. Rf5 Kg6 43. Qd2 Nh7 44. Rxf7 Kxf7 {[%mdl 4096] Endgame KQ-KRN} 45. Qd5+ Re6 46. Qf5+ Nf6 47. Qxg5 Re1+ 48. Kg2 Re2+ 49. Kf1 Rf2+ 50. Ke1 Rf3 51. Qh6 Rg3 52. Qf4 {Accuracy: White = 79%, Black = 42%.} 1-0

[Event "USA-ch Seniors 2019"]
[Site "Saint Louis"]
[Date "2019.07.18"]
[Round "7.4"]
[White "Dlugy, Maxim"]
[Black "Christiansen, Larry"]
[Result "1-0"]
[WhiteElo "2518"]
[BlackElo "2574"]
[Annotator "TA"]
[PlyCount "79"]
[EventDate "2019.07.09"]
[EventType "tourn"]
[EventCountry "USA"]
[SourceTitle "playchess.com"]
[Source "ChessBase"]
[SourceQuality "1"]

{[%evp 15,79,-8,-2,0,-5,0,9,0,6,-4,0,0,19,0,68,64,74,28,29,31,23,31,58,50,33,36,163,80,379,386,390,386,1063,502,523,522,521,521,487,461,700,233,588,602,726,777,721,894,875,889,769,812,735,565,504,522,547,537,537,537,621,604,595,589,685,628]} 1. d4 Nf6 2. Bf4 e6 3. e3 c5 4. c3 Nc6 5. Nd2 d5 6. Ngf3 Bd6 7. Bg3 O-O 8. Bd3 b6 9. Qe2 {D02: 1 d4 d5 2 Nf3 sidelines, including 2...Nf6 3 g3 and 2...Nf6 3 Bf4} Bb7 10. Rd1 Re8 11. e4 {aiming for e5.The position is equal.} Be7 12. e5 Nh5 13. a3 a5 14. Nf1 {[%cal Bd2f1,Bf1e3,Be3g4,Bg4f6][%mdl 32]} g6 ({Better is} 14... Rf8 $11) 15. Ne3 $1 $14 Qc8 {[#]} 16. h4 $146 ({Predecessor:} 16. O-O Ba6 {1-0 (38) Berkes,F (2662)-Raja,H (2427) Villorba 2018}) 16... Ba6 17. Bh2 Bxd3 18. Rxd3 Ng7 19. Ng4 Nf5 {[#]} 20. h5 $1 {[%mdl 512]} cxd4 (20... g5 $14) (20... gxh5 21. Ne3) 21. cxd4 (21. Bf4 $1 $18 {is more deadly.}) 21... gxh5 $2 {[%mdl 8192]} (21... g5 $16) 22. Nf6+ $18 Bxf6 23. exf6 Kh8 $2 (23... h6 24. Rc3 Qd7) 24. Bf4 (24. Ng5 $142 Ncxd4 25. Qxh5 Qc1+ 26. Rd1 Nc2+ {[#]} 27. Kf1 $1 {[%mdl 512]} Nce3+ 28. fxe3 Qxd1+ {[%mdl 64] Decoy} 29. Qxd1 Nxe3+ 30. Ke2 $1 {[%mdl 512]} Nxd1 31. Nxf7+ Kg8 32. Nh6+ Kf8 33. Bd6+ Re7 34. Bxe7+ Ke8 35. Kxd1) 24... Rg8 25. Ng5 Rxg5 26. Bxg5 h4 27. Qh5 Qg8 (27... Ncxd4 $142 28. Rxd4 (28. Qxf7 Qg8 $18) 28... Nxd4) 28. Rh2 $2 (28. Bxh4 Qxg2 29. Bg3 Qe4+ 30. Kd2 Nfxd4 31. Rh4) 28... Ncxd4 $2 (28... Qg6 {is a better chance.} 29. Qxg6 fxg6 30. Bxh4 h5) 29. Bxh4 {White is clearly winning.} Rc8 {intending ...Rc1+.} 30. Bg5 {Threatening mate with Rdh3.} Qg6 31. Rdh3 {[%cal Rh5h7]} Qxh5 32. Rxh5 h6 33. Bxh6 {Intending Bg7+! and mate.} Kh7 34. Be3+ Kg6 {[#]} 35. Rh6+ $1 {[%mdl 512]} Nxh6 36. Rxh6+ Kf5 37. Bxd4 b5 38. Kd2 b4 39. axb4 axb4 40. b3 {Accuracy: White = 60%, Black = 28%.} 1-0

[Event "USA-ch Seniors 2019"]
[Site "Saint Louis"]
[Date "2019.07.18"]
[Round "7.5"]
[White "Novikov, Igor"]
[Black "Benjamin, Joel"]
[Result "1/2-1/2"]
[WhiteElo "2556"]
[BlackElo "2524"]
[Annotator "TA"]
[PlyCount "60"]
[EventDate "2019.07.09"]
[EventType "tourn"]
[EventCountry "USA"]
[SourceTitle "playchess.com"]
[Source "ChessBase"]
[SourceQuality "1"]

{[%evp 13,60,27,40,37,37,36,35,0,0,0,9,-8,16,-8,0,-8,0,-4,0,0,0,0,0,0,0,0,0,0,0,0,0,0,0,0,0,0,0,0,0,0,0,0,0,0,0,0,0,0,0]} 1. d4 d6 2. e4 Nf6 3. f3 e5 4. dxe5 dxe5 5. Qxd8+ Kxd8 6. Bc4 Ke8 7. Be3 Nbd7 8. Nd2 {B07: Pirc Defence: Miscellaneous Systems} a5 9. a4 Bc5 10. Kf2 {White is slightly better.} Ke7 {The position is equal.} 11. Ne2 Rd8 $146 ({Predecessor:} 11... Bxe3+ 12. Kxe3 Rd8 13. Rhd1 Nb6 14. Bb3 Nfd7 15. Nc4 Nxc4+ 16. Bxc4 {0-1 (49) Kaufman,L (2427)-Benjamin,J (2579) Philadelphia 1999}) 12. Nc1 (12. Nf1 {with more complications.} Ne8 13. Nc1 Nd6 14. Be2 b6 15. Nd3) 12... Ne8 13. Nd3 Bxe3+ 14. Kxe3 Nd6 15. Bb3 b6 16. Bd5 Bb7 17. Bxb7 Nxb7 18. Nc4 f6 19. Rhd1 $1 Ndc5 20. Nxc5 Nxc5 21. b3 Rxd1 (21... g6 {seems wilder.} 22. Ke2 Ne6 23. Ke1 Rxd1+ 24. Rxd1 Nd4) 22. Rxd1 Rd8 23. Rxd8 Kxd8 $11 {[%mdl 4096] Endgame KN-KN} 24. g3 Ke7 25. Nd2 Ke6 26. Nc4 Nb7 27. Kd3 Nc5+ 28. Ke3 Nb7 29. Kd3 Nc5+ 30. Ke3 Nb7 {Accuracy: White = 82%, Black = 63%.} 1/2-1/2

[Event "USA-ch Seniors 2019"]
[Site "Saint Louis"]
[Date "2019.07.19"]
[Round "8.1"]
[White "Ehlvest, Jaan"]
[Black "Benjamin, Joel"]
[Result "1/2-1/2"]
[WhiteElo "2515"]
[BlackElo "2524"]
[Annotator "TA"]
[PlyCount "60"]
[EventDate "2019.07.09"]
[EventType "tourn"]
[EventCountry "USA"]
[SourceTitle "playchess.com"]
[Source "ChessBase"]
[SourceQuality "1"]

{[%evp 9,60,-207,-209,-331,-165,-207,-112,-203,-197,-233,-212,-232,-219,-231,-216,-239,-223,-231,-230,-228,-244,-256,-256,-254,-251,-265,-255,-254,-248,-260,-250,-288,-275,-381,-322,-318,-322,-328,-332,-330,-326,-279,91,23,152,149,137,166,143,0,0,0,387]} 1. e4 e5 2. Nf3 Nc6 3. Nc3 Nf6 4. g3 Bc5 5. Nxe5 Nxe5 6. f4 {C47: Scotch Four Knights and Four Knights with 4 g3} ({Reject} 6. d4 Bxd4 $1 {[%mdl 512]} 7. f4 Nc6 $19) (6. Bg2 $142 Nc6 7. O-O) 6... Nfg4 $146 (6... Nc6 $142 {aiming for ...d5.} 7. e5 Ng8) ({Predecessor:} 6... Nc6 7. e5 Ng8 8. Na4 Bb6 9. Nxb6 axb6 10. d4 d5 11. Bg2 Bf5 12. O-O Qd7 {0-1 (29) Durarbayli,V (2632)-Abdulov,O (2350) Albena 2015}) 7. fxe5 Bf2+ $1 8. Ke2 {Black is better.} Bd4 {Hoping for ...Nf2.} 9. Nb5 Nf2 {[%mdl 64] Double Attack} 10. Qe1 Bb6 $1 11. d4 Nxh1 12. Be3 a6 13. Nc3 d6 14. exd6 Qxd6 15. Nd5 Bg4+ 16. Kd2 c6 17. Nxb6 Qb4+ {[%mdl 64] Double Attack} 18. Kd3 Qxb6 19. b3 f5 20. e5 Bf3 21. Kd2 O-O-O 22. c3 c5 23. Kc2 cxd4 24. cxd4 {Now Kb2 and White clings on.} Kb8 25. Kb2 {intending d5.} Be4 $2 {[#]} (25... Bd5 $19 26. Qd2 Rc8) 26. d5 $1 $16 {[%mdl 1024] White has strong compensation.} Qc7 (26... Qg6 $1 $11 27. d6 Rc8) 27. d6 Qd7 28. Qb4 Rc8 {[#]} 29. Qb6 $1 {[%mdl 512]} Rc2+ $11 {[%mdl 64] Double Attack} 30. Ka3 {White wants to mate with Qa7+.} Kc8 $2 {[%mdl 40960] An unexpected result.} (30... Qd8 $11 {and Black is okay.}) 1/2-1/2

[Event "USA-ch Seniors 2019"]
[Site "Saint Louis"]
[Date "2019.07.19"]
[Round "8.2"]
[White "Christiansen, Larry"]
[Black "Novikov, Igor"]
[Result "1/2-1/2"]
[WhiteElo "2574"]
[BlackElo "2556"]
[Annotator "TA"]
[PlyCount "60"]
[EventDate "2019.07.09"]
[EventType "tourn"]
[EventCountry "USA"]
[SourceTitle "playchess.com"]
[Source "ChessBase"]
[SourceQuality "1"]

{[%evp 9,60,0,37,20,17,8,22,0,3,9,17,13,19,-11,-15,-1,-15,-13,0,-4,-9,0,0,-38,-17,-22,-4,-24,0,0,10,-10,-12,-28,-9,-6,-5,-28,-8,-33,-31,-35,-30,-39,-39,-52,-50,-49,-43,-41,-43,-56,-49]} 1. e4 c5 2. Nc3 d6 3. d4 cxd4 4. Qxd4 a6 (4... Nc6 5. Qd2 Nf6 6. b3 e6 7. Bb2 d5 8. exd5 exd5 9. O-O-O Be6 10. a3 Bc5 11. Nf3 {½-½ (49) Caruana,F (2819)-Vachier Lagrave,M (2773) Karlsruhe/Baden Baden 2019}) 5. b3 Nd7 6. Bb2 {B23: Closed Sicilian: Lines without g3} Ngf6 7. O-O-O e5 8. Qe3 {The position is equal.} b5 9. f4 Qb6 $146 ({Predecessor:} 9... Bb7 10. Nd5 Nxd5 11. exd5 {1-0 (31) Gomez Dieguez,A (2277)-Represa Perez,M (2078) Linares 2018}) 10. Qxb6 Nxb6 11. fxe5 dxe5 12. Nf3 Ng4 13. Re1 f6 14. h3 Nh6 15. g4 Nf7 16. Bd3 Bb4 17. a3 Be7 18. Nh4 (18. g5 $5) 18... Nd6 19. Rhg1 O-O 20. Kb1 Bb7 21. Ng2 Nf7 $36 {[%mdl 2048] Black is pushing.} 22. h4 Bc5 23. Rgf1 Bc8 24. Be2 Be6 25. Nd1 Rac8 26. Nde3 Rfd8 {Black is slightly better.} 27. Rd1 Rxd1+ 28. Rxd1 Rd8 29. Rxd8+ Nxd8 30. Kc1 Kf8 {Accuracy: White = 55%, Black = 34%.} 1/2-1/2

[Event "USA-ch Seniors 2019"]
[Site "Saint Louis"]
[Date "2019.07.19"]
[Round "8.3"]
[White "Goldin, Alexander"]
[Black "Dlugy, Maxim"]
[Result "0-1"]
[WhiteElo "2540"]
[BlackElo "2518"]
[Annotator "TA"]
[PlyCount "92"]
[EventDate "2019.07.09"]
[EventType "tourn"]
[EventCountry "USA"]
[SourceTitle "playchess.com"]
[Source "ChessBase"]
[SourceQuality "1"]

{[%evp 24,92,23,14,26,13,20,0,0,0,0,-18,-25,-16,-23,-133,-133,-120,-119,-122,-112,-117,-118,-126,-91,-85,-85,-99,-51,-41,-6,-70,-82,-83,-83,-105,-99,-101,-95,-102,-54,-53,-68,-57,-58,-65,-59,-60,-68,-140,-141,-141,-141,-141,-141,-197,-183,-183,-183,-1225,-1098,-1171,-987,-1196,-1070,-4020,-1784,-5081,-5181,-5073,-5077]} 1. d4 d5 2. Nf3 Nf6 3. c4 dxc4 4. e3 e6 5. Bxc4 a6 6. O-O b5 7. Be2 Bb7 8. a4 b4 9. b3 Nbd7 10. Bb2 c5 11. Nbd2 Be7 12. Rc1 O-O 13. Nc4 cxd4 {D27: Queen's Gambit Accepted: Classical main line: 7 e4!? and 7 a4} (13... Bd5 14. Nfe5 cxd4 15. Nxd7 Nxd7 16. Bxd4 Rc8 17. Qd2 Nc5 18. Qb2 Bf6 19. Bxf6 Qxf6 20. Qxf6 gxf6 21. Nb6 {0-1 (50) Gelfand,B (2741)-Karjakin,S (2760) Moscow 2010}) 14. Qxd4 Nc5 15. Qxd8 {[#]} Rfxd8 $146 {The position is equal.} ({Predecessor:} 15... Raxd8 16. Na5 Ba8 17. Bxf6 gxf6 18. Nd4 Rc8 19. Bf3 Bxf3 20. gxf3 Rfe8 21. Rfd1 {1-0 (50) Bischoff,K (2554)-Markowski,T (2549) Bad Zwesten 2003}) 16. Na5 Bd5 17. Bc4 Bxf3 18. gxf3 Rdc8 {And now ...Bd8 would win.} 19. Bd4 {[#]} (19. Rfd1 $11) 19... Nfd7 $1 $36 {[%mdl 2048] White is under strong pressure.} 20. Be2 Bd8 21. Bxc5 Nxc5 22. Nc4 Nxb3 23. Rb1 Rxc4 24. Rxb3 {[#]} Rh4 $1 25. Rc1 Bf6 {[#]} 26. Bxa6 $1 {[%mdl 512]} g5 (26... Rxa6 27. Rc8+) 27. Rc8+ (27. Rc6 $11) 27... Rxc8 $15 28. Bxc8 {[%mdl 4096] Endgame KRB-KRB} Rc4 29. Ba6 Rc1+ 30. Bf1 Bc3 31. a5 Ra1 32. a6 Kf8 33. Kg2 Ke7 34. Bd3 Kd6 35. Rb1 {Rxa1 is the strong threat.} Ra3 36. Bc4 (36. Rd1 $15) 36... Kc5 $17 37. Bb3 Rxa6 38. Kf1 Rd6 39. Rd1 (39. h3 $17) 39... Rxd1+ $19 40. Bxd1 {KB-KB} Kc4 41. Bc2 $2 (41. f4) 41... b3 {[%cal Bb4b3,Bb3b2][%mdl 32] Black is clearly winning.} 42. Bb1 Be5 43. Ke2 Kc3 44. h3 Kb2 45. Bxh7 Kc1 46. Bd3 b2 {Accuracy: White = 38%, Black = 72%.} 0-1